| 000 | 00499cam a22001931 4500 | ||
|---|---|---|---|
| 008 | |||
| 049 | 0 | _aMAIN | |
| 050 | 0 | 0 | _aQD79.C45 PHI |
| 100 | 1 | _aPhillips, Courtenay. | |
| 245 | 1 | 0 | _aGas chromatography. |
| 260 |
_aNew York, _bAcademic Press, _c1956. |
||
| 300 |
_a105 p. _billus. _c23 cm. |
||
| 650 | 0 | _aChromatographic analysis. | |
| 907 |
_a.b10236958 _b15-03-07 _c15-03-07 |
||
| 003 | |||
| 005 | 20230123134414.0 | ||
| 040 | _cNUST | ||
| 942 | _cBOOKS | ||
| 999 |
_c165366 _d165366 |
||